000 00750na a2200265 4500
001 15860
003 MIRAKIL
005 20181213154923.0
008 160925b tu 000 0
035 _a15860
040 _aMilas
_btur
_cTR-AnCHP
082 _a321.6
_bE67d 1981
090 _a321.6 E67d 1981
100 _aErtürk, Selahattin
_d1923-
245 _aDiktacı tutum ve demokrasi
_cSelahattin Ertürk
250 _agnşl. 3. bs.
260 _aAnkara
_bYelkentepe Yayınları
_c1981
300 _axi, 226 s.
_c20 sm.
490 _aYelkentepe yayınları
_v8
504 _aKaynakça ve dizin var.
650 _aMutlak monarşi
_xDin
650 _aMutlak monarşi
_xFelsefe
650 _aMutlak monarşi
_xDemokrasi
942 _2ddc
_cBKS
999 _c3193
_d3193